Normal view
MARC view
- Wadsworth, harrison/Kenneth Stephens
Entry Personal Name
001 - CONTROL NUMBER
- control field: 1274
003 - CONTROL NUMBER IDENTIFIER
- control field: JO-AjAnu
005 - DATE AND TIME OF LATEST TRANSACTION
- control field: 20230606070519.0
008 - FIXED-LENGTH DATA ELEMENTS
- fixed length control field: 230606|| aca||aabn | a|a d
040 ## - CATALOGING SOURCE
- Original cataloging agency: JO-AjAnu
- Transcribing agency: JO-AjAnu
100 ## - HEADING--PERSONAL NAME
- Personal name: Wadsworth, harrison/Kenneth Stephens
670 ## - SOURCE DATA FOUND
- Source citation: Work cat.: (JO-AjAnu)671: Wadsworth, harrison/Kenneth Stephens, author, Modern Methods for quality control and improvement